00740nam a22001937a 4500999001900000005001700019010001500036020003000051035001400081037001300095082001300108100002400121245006300145260005000208270008100258300004500339942002700384952013500411 c177231d17723120210215164608.0 aENG-128975 c750.00a978-93-86473-91-2 aEN-112507 bDBAD/PUB a323.0954 aMishra, Lakshmidhar aBondage: Human Rights and Development/cLakshmidhar Mishra aNew DelhibVitasta Publishing Pvt. Ltd.c2020 bNew Delhia2/15, Ansari Roaad, Daryaganje110002minfo@vitastapublishing.com axxiii+403p.c22cm(hbk)bincluding index. 2ddccENh323.0954mMIS 001040708NFICaAVbAVd2021-02-15eDBAD/PUBg750.00l0o323.0954 MISpEN-112507r2021-02-15 00:00:00t1v750.00w2021-02-15yEN